Statistics for Jack Black Movies

Click here to take the quiz!

General Stats

  • This quiz has been taken 546 times
  • The average score is 8 of 51

Answer Stats

HintAnswer% Correct
2003School Of Rock
90%
2008Kung Fu Panda
66%
2006Tenacious D In The Park Of Destiny
60%
2011Kung Fu Panda 2
59%
2001Shallow Hal
48%
2010Gulliver's Travels
45%
2006Nacho Libre
43%
2005King Kong
38%
2008Tropic Thunder
34%
2006The Holiday
31%
2009Year One
28%
2000High Fidelity
25%
1994The NeverEnding Story III
24%
2002Orange County
20%
2004Anchorman
20%
2011Bernie
17%
2008Be Kind Rewind
17%
2004Shark Tale
15%
2001Saving Silverman
14%
2004Envy
13%
1996The Cable Guy
13%
1998Enemy Of The State
12%
1997The Jackal
11%
2011The Big Year
10%
1996Mars Attack!
9%
2002Ice Age
9%
2011The Muppets
6%
2007Margot At The Wedding
5%
1996Bio-Dome
5%
1995Waterworld
5%
1998I Still Know What You Did Last Summer
5%
1992Bob Roberts
4%
1993Demolition Man
4%
1993Airborne
4%
1997Bongwater
3%
2007Walk Hard: The Dewey Cox Story
3%
1995Dead Man Walking
3%
1999Cradle Will Rock
2%
2002Run Ronnie Run
2%
1995Bye Bye Love
2%
1999Jesus' Son
2%
1996The Fan
2%
1999The Love Letter
1%
1998Johnny Skidmarks
1%
1997Crossworlds
1%
2004Laser Fart
0%
2009Brutal Legend
0%
2003Melvin Goes To Dinner
0%
2001Frank's Book
0%
2006Garfield: A Tale Of Two Kitties
0%
2012Bailout
0%

Score Distribution

Percentile by Number Answered

Percent of People with Each Score

Your Score History

You have not taken this quiz